| 000 | 00411nam a22001337a 4500 | ||
|---|---|---|---|
| 999 |
_c11081 _d11081 |
||
| 003 | OSt | ||
| 005 | 20191213102729.0 | ||
| 008 | 181011b ||||| |||| 00| 0 eng d | ||
| 245 |
_aPhilippine technology: _btaking step towards advancement. |
||
| 260 |
_aSan Miguel, Manila : _bOP-Bureau of Communications Services, _c2013-©2014. |
||
| 300 |
_av22 n5, pages 47-49; _c23cm. |
||
| 650 | 0 |
_932074 _a1 |
|
| 942 |
_2ddc _cPER |
||